000 00557 a2200169 4500
001 068329
003 OSt
005 20220216101215.0
008
082 _a510
_bW15B
100 1 _aWallis, W.D.
245 1 _aA Beginner's guide to finite mathematics
_cby W.D. Wallis
260 _aBoston
_bBirkhauser
_c2009
300 _a354p.
653 _aMathematics; Logic, Symbolic and mathematical; Combinatorial analysis; Distribution (Probability theory); Mathematical statistics; Computational complexity
942 _2ddc
_cBK
999 _c2014
_d2014